|
000
|
01578nam0 2200301 450
|
|
001
|
012021000234
|
|
005
|
20210923151811.47
|
|
010
|
|
@a978-7-111-66463-5@dCNY199.00
|
|
100
|
|
@a20210508d2021 em y0chiy50 ea
|
|
101
|
1
|
@achi@ceng
|
|
102
|
|
@aCN@b110000
|
|
105
|
|
@aa z 000yy
|
|
200
|
1
|
@a景观设计数字化表现@Ajing guan she ji shu zi hua biao xian@f(美) 娜迪娅·阿莫罗索主编@d= Pepresenting landscapes: digital@fNadia Amoroso@g潘亮译@zeng
|
|
210
|
|
@a北京@c机械工业出版社@d2021.4
|
|
215
|
|
@ax, 258页@c彩图@d25cm
|
|
306
|
|
@a本书中文简体翻译版授权由机械工业出版社独家出版
|
|
314
|
|
@a潘亮, 资深城市设计师, 华为技术有限公司首席园建专家。美国科罗拉多大学城市设计硕士、景观建筑学硕士、丹麦国际学者研究院访问学者。
|
|
330
|
|
@a在这本关于景观设计表现的书中, 娜迪娅·阿莫罗索集结了来自于世界上专业景观机构的作品, 对数字化图示法的多样性进行了探索。在本书的每章中, 景观设计学领域的主讲讲师、教授和实践参与者使用他们所在机构的图片对具体的数字化方法进行了解释, 以展示相关方法或手段是如何在这些灵感迸发的例子中得到应用的, 以帮助读者对多种绘画风格进行了解。这些绘画风格在景观设计学领域的理念传达中极有价值。本书的这些样例和可为课堂所用的图片, 对视觉化传递起到了积极作用。
|
|
500
|
10
|
@aPepresenting landscapes: digital@mChinese
|
|
606
|
0
|
@a数字技术@Ashu zi ji shu@x应用@x景观设计
|
|
606
|
0
|
@a区域规划
|
|
606
|
0
|
@a城乡规划
|
|
690
|
|
@aTU986@v5
|
|
690
|
|
@aTU98:Z@v4
|
|
701
|
1
|
@a阿莫罗索@Aa mo luo suo@g(Amoroso, Nadia)@4主编
|
|
702
|
0
|
@a潘亮@Apan liang@4译
|
|
801
|
0
|
@aCN@bCDNYKJZYXY@c20210508
|
|
905
|
|
@aCDNYKJZYXY@b300620730-1@dTU98:Z@e178@f2
|
|
|
|
|
| |
| 景观设计数字化表现/(美) 娜迪娅·阿莫罗索主编= Pepresenting landscapes: digital/Nadia Amoroso/潘亮译.-北京:机械工业出版社,2021.4 |
| x, 258页:彩图;25cm |
| |
| |
| ISBN 978-7-111-66463-5:CNY199.00 |
| 在这本关于景观设计表现的书中, 娜迪娅·阿莫罗索集结了来自于世界上专业景观机构的作品, 对数字化图示法的多样性进行了探索。在本书的每章中, 景观设计学领域的主讲讲师、教授和实践参与者使用他们所在机构的图片对具体的数字化方法进行了解释, 以展示相关方法或手段是如何在这些灵感迸发的例子中得到应用的, 以帮助读者对多种绘画风格进行了解。这些绘画风格在景观设计学领域的理念传达中极有价值。本书的这些样例和可为课堂所用的图片, 对视觉化传递起到了积极作用。 |
| ● |
正题名:景观设计数字化表现
索取号:TU98:Z/178
 
预约/预借
| 序号
|
登录号
|
条形码
|
馆藏地/架位号
|
状态
|
备注
|
|
1
|
620730
|
300620730
|
柳城-5楼工具书/57架6列3层/
[索取号:TU98:Z/178]
|
在馆
|
|
|
2
|
620731
|
300620731
|
柳城-5楼工具书/57架6列3层/
[索取号:TU98:Z/178]
|
在馆
|
|